Statistics for Asian Countries with more Vowels than Consonants

Click here to take the quiz!

General Stats

  • This quiz has been taken 66 times
    (51 since last reset)
  • The average score is 5 of 7

Answer Stats

Country% Correct
India
81%
Indonesia
81%
Malaysia
74%
Georgia
72%
Saudi Arabia
72%
Armenia
70%
Syria
63%

Score Distribution

Percentile by Number Answered

Percent of People with Each Score

Your Score History

You have not taken this quiz since the last reset